Nicknames of FIFA World Cup 2026 Teams - Statistics

General Stats
  • This quiz has been taken 31 times
  • The average score is 26 of 48
Answer Stats
Hint Answer % Correct
Three Lions England
87%
The Pharaohs Egypt
83%
Blågult (Blue and Yellow) Sweden
83%
Les Bleus France
78%
Die Mannschaft Germany
78%
Samurai Blue Japan
78%
Oranje Netherlands
78%
The Socceroos Australia
74%
Les Éléphants Côte d'Ivoire
74%
Kockasti (The Chequered Ones) Croatia
74%
Stars & Stripes United States
74%
The Atlas Lions Morocco
70%
Røde Hvite Blå (Red White Blue) Norway
70%
Red Devils Belgium
65%
Eagles of Carthage Tunisia
65%
The Black Stars Ghana
61%
All Whites New Zealand
61%
Taegeuk Warriors South Korea
61%
La Roja Spain
61%
Ay-Yıldızlılar (The Crescent-Stars) Turkey
61%
Tubarões Azuis (Blue Sharks) Cape Verde
57%
Lions of Mesopotamia Iraq
57%
Oq boʻrilar (White Wolves) Uzbekistan
57%
La Albiceleste Argentina
52%
Zmajevi (Dragons) Bosnia & Herzegovina
52%
Seleção Brazil
52%
El Tri (Tricolor) Mexico
52%
The Maroons Qatar
52%
Bafana Bafana (Boys Boys) South Africa
52%
Unsere Burschen (Our Boys) Austria
43%
Los Cafeteros Colombia
43%
Nároďák (National Team) Czech Republic
43%
Seleção das Quinas Portugal
43%
Tartan Army* Scotland
43%
Les Fennecs (Fennec Foxes) Algeria
39%
Les Léopards D. R. Congo
39%
La Celeste (Skyblues) Uruguay
39%
The Reds Canada
35%
The Blue Wave Curaçao
35%
Les Grenadiers Haiti
35%
Los Guaraníes Paraguay
35%
The Green Falcons Saudi Arabia
35%
La Tri (Tricolor) Ecuador
30%
Los Canaleros Panama
30%
The Lions of Teranga Senegal
30%
Nati Switzerland
30%
Team Melli Iran
22%
Al Nashama (The Chivalrous Ones) Jordan
17%
No matching quizzes found
Score Distribution
Percent of People with Each Score
Percentile by Number Answered
Your Score History
You have not taken this quiz